000 00211nam a22000857a 4500
008 161219b xxu||||| |||| 00| 0 eng d
100 _92130
_aSuslov. V
245 _aWho the Stongest?
260 _aMoscow
_bProgress
_c1981
999 _c5011
_d5011